Chaîne de mots Formule 1 - Statistiques

Statistiques générales
  • Ce quiz a été pris 196 fois
  • Le résultat moyen est 10 sur 21
Statistiques - réponses
Indices Réponses % Correct
Champion du monde actuel Verstappen
99%
Pilote français Gasly
83%
Pays accueillant le gp d'Austin Etats Unis
80%
Ecurie française Alpine
78%
Pilote actuel japonais Tsunoda
74%
"le baron rouge" Schumacher
62%
Surnom d'Alain Prost Le professeur
47%
Père et Fils champion du monde Rosberg
47%
Circuit mythique du sport automobile Nürburgring
45%
Directeur légendaire de la Scuderia Ferrari Todt
38%
Lieu de la bataille finale pour le titre en 2021 Abou Dhabi
36%
Circuit faisant partie de la Triple Couronne Indianapolis
36%
"Le rat/The rat" Lauda
36%
Circuit avec des S en hommage Interlagos
34%
Sponsor de longue date pour Ferrari Shell
33%
Motoriste aux 116 grands prix Yamaha
31%
Fournisseur de pneumatiques pendant 34ans Goodyear
28%
"L'Ecossais volant/Flying Scot" Stewart
25%
Le seul champion du monde posthume Rindt
22%
Champion du monde 1978 Andretti
19%
Ecurie de ce dernier Tyrrell
16%
Aucun quiz correspondant
Distribution des résultats
% des personnes avec chaque résultat
Percentile par nombre de réponses
Votre historique - résultats
Vous n’avez pas pris ce quiz